000
00306nam a22001337a 4500
020
_a
0-440-40322-7
082
_a
823
_b
HIL/T
100
_a
HILLER, B B
245
_a
TEENAGE MUTANT NINJA TURTLES
260
_a
NEW YORK
_b
DELL PUBLISHING
_c
1990
300
_a
92
650
_a
NOVEL
_z
UNITED STATES
942
_c
BK
999
_c
3317
_d
3317